| 000 | 00533nam a2200157 4500 | ||
|---|---|---|---|
| 999 |
_c17162 _d17162 |
||
| 008 | 220607b ||||| |||| 00| 0 eng d | ||
| 022 | _a0732-8435 | ||
| 082 | _aDPer 657.05 C33 Jan - Apr 2011, v. 81 n 1 - 4 | ||
| 100 |
_aBarry, Joanne S. _942861 |
||
| 245 |
_aOur collective voice gets a Caucus/ _cJoanne S. Barry. |
||
| 260 |
_aNew York: _bThe New York State Society of CPA, _c2011. |
||
| 300 |
_aV81 n4, page 7: _bcolor illustrations; _c28 cm. |
||
| 500 | _aThe CPA Journal. | ||
| 650 |
_aAccountants. _942729 |
||
| 942 |
_2ddc _cPER |
||